| 000 | 00584nam a22001817a 4500 | ||
|---|---|---|---|
| 999 |
_c188666 _d188666 |
||
| 005 | 20220601100858.0 | ||
| 010 | _aENG-132898 | ||
| 020 | _c200.00 | ||
| 035 | _aEN-116430 | ||
| 037 | _bDBAD/PUB | ||
| 082 | _a233 | ||
| 100 | _aSai, Vasantha | ||
| 245 |
_aShiva Sutra/ _cVasantha Sai |
||
| 260 |
_aTamil Nadu _bSri Vasanthasai Books & Publications Trust _c2008 |
||
| 270 |
_aRoyapalayam Village B.O. Tirumangalam S.O. Madurai-Virudhunagar Road, Madurai _bTamil Nadu _e625706 _mmukthinilayam@gmail.com |
||
| 300 |
_a251p. _c22cm(pbk) |
||
| 942 |
_2ddc _cEN _h233 _mSAI |
||